000 00827nam a2200217Ii 4500
003 JO-AjNU
008 230605s9999||||xx |||||||||||||| ||und||
017 _a1990/2/101
040 _aJO-AjNU
_bara
_erda
_cJO-AjNU
041 _aara
050 1 4 _aLB1140.4.N5522 1996
100 3 _aالنمر، عصام مؤلف/العمد، عزة م.مشارك/بدران، أميمة م.مشارك,
_eauthor
_937446
245 0 0 _aتخطيط برامج تربية الطفل وتطويرها
250 _aط2
264 3 1 _aعمان:دار الفكر للطباعة والنشر والتوزيع،1996
300 _a127ص
336 _atext
_btxt
_2rdacontent
337 _aunmediated
_bn
_2rdamedia
338 _avolume
_bnc
_2rdacarrier
650 4 _aعلم النفس التربوي-أطفال-برامج تربية الطفل
_937447
999 _aA15646
_c19214
_d19214